00293 a2200097 4500001001000000005001700010008004100027245003100068100002400099773007200123ART_5520920260410161609.0260409a 10aResolución técnica 37.1 aMantovan, Flavio A.0 tProfesional & Empresariag- Año XXIII, Nº 269 (feb. 2022)wREV70